000 00669cab a2200229 4500
001 WB3136-18
008 090401t1995 xxu||||| |||| 00| 0 eng d
035 _a(Sirsi) u74667
041 _aeng
245 _aConstruction Products Directive
260 _c1995
350 _a0
490 _aConstruction Monitor
_v(15) September 1995, 2-3(2)
520 _aOutlines UK consultation arrangements for draft mandates supporting the EU Construction Products Directive.
650 _aDIRECTIVE 89/106/EEC
650 _aEUROPEAN COMMISSION
650 _aEUROPEAN UNION
650 _aMANDATES
690 _aEUROPE-SINGLE MARKET
942 _n0
948 _c04/03/1997
999 _c47054
_d47054